WWE Divas Champions - Statistics

General Stats
  • This quiz has been taken 201 times
  • The average score is 12 of 17
Answer Stats
Number Last Answer % Correct
3 2014 AJ Lee
93%
2 2014 Nikki Bella
91%
1 2011 Brie Bella
88%
2 2010 Michelle McCool
81%
2 2014 Paige
81%
1 2015 Charlotte Flair
80%
1 2010 Natalya
77%
1 2011 Beth Phoenix
73%
1 2012 Layla
73%
1 2011 Kelly Kelly
71%
3 2012 Eve Torres
65%
1 2009 Mickie James
63%
2 2010 Melina
57%
1 2010 Alicia Fox
55%
1 2013 Kaitlyn
55%
2 2010 Maryse
53%
1 2009 Jillian Hall
42%
No matching quizzes found
Score Distribution
Percent of People with Each Score
Percentile by Number Answered
Your Score History
You have not taken this quiz